00688nam a2200205 i 4500001000300000245010200003250001200105260005100117300002100168504002600189650001500215655003000230700003800260020001500298040000800313041000700321080001500328008004100343856009800384bg00aSocjologia ogólna :bwybrane problemy : praca zbiorowa /cpod red. Jolanty Polakowskiej-Kujawy. aWyd. 2. aWarszawa :bSzkoła Główna Handlowa,c2002. a358 s. ;c24 cm. aBibliogr. przy rozdz. 9aSocjologia aPodręczniki akademickie1 aPOLAKOWSKA-KUJAWA, Jolanta.eRed. a837225138X cBPK0 apl a316(075.8) s pl f |000 0 pol  uhttp://koha.tu.koszalin.pl/cgi-bin/koha/opac-detail.pl?biblionumber=41762yKatalog online BPK